Something about Germany (Record no. 117572)

MARC details
000 -LEADER
fixed length control field 01040cam a2200241 4500
001 - CONTROL NUMBER
control field ABS67893
008 - FIXED-LENGTH DATA ELEMENTS--GENERAL INFORMATION
fixed length control field 040622n2004 000 0 eng u
035 ## - SYSTEM CONTROL NUMBER
System control number (Sirsi) u126556
100 ## - MAIN ENTRY--PERSONAL NAME
Personal name Kruger, W.
245 ## - TITLE STATEMENT
Title Something about Germany
260 ## - PUBLICATION, DISTRIBUTION, ETC.
Date of publication, distribution, etc. 2004
490 ## - SERIES STATEMENT
Series statement Building
Volume/sequential designation 269(8337) 18 June 2004 56-57(2)
520 ## - SUMMARY, ETC.
Summary, etc. Discusses the construction market in Germany. Warns that any UK firm thinking of returning to this market needs to be aware of the legal obstacles to potential development here. These include standard terms clauses which are defined as clauses intended for repeated use by one party that are not individually negotiated. These are subject to court review to determine whether they put the contractual partner of the employer at a disadvantage.
590 ## - LOCAL NOTE (RLIN)
Local note ABS
590 ## - LOCAL NOTE (RLIN)
Local note ABS
650 ## - SUBJECT ADDED ENTRY--TOPICAL TERM
Topical term or geographic name entry element GERMANY
650 ## - SUBJECT ADDED ENTRY--TOPICAL TERM
Topical term or geographic name entry element CONSTRUCTION MARKET
650 ## - SUBJECT ADDED ENTRY--TOPICAL TERM
Topical term or geographic name entry element STANDARD TERMS
650 ## - SUBJECT ADDED ENTRY--TOPICAL TERM
Topical term or geographic name entry element CORPORATION TAXES
650 ## - SUBJECT ADDED ENTRY--TOPICAL TERM
Topical term or geographic name entry element CONSTRUCTION CONTRACTS
690 ## - LOCAL SUBJECT ADDED ENTRY--TOPICAL TERM (OCLC, RLIN)
Topical term or geographic name as entry element BUILDING AND CONSTRUCTION-MARKET
942 ## - ADDED ENTRY ELEMENTS (KOHA)
Suppress in OPAC 0
Holdings
Withdrawn status Lost status Source of classification or shelving scheme Damaged status Not for loan Home library Current library Shelving location Date acquired Total Checkouts Full call number Barcode Date last seen Copy number Price effective from Koha item type
    Dewey Decimal Classification     London London Journal article 22/06/2004   ABS67893 126556-1001 06/08/2019 1 06/08/2019 Journal article